Salta al contenuto

Аритмии сердца учебное пособие

В пособии кратко освещаются основные формы нарушений сердечного ритма, встречающиеся в клинической практике. Приводятся их клинические проявления, ЭКГ-признаки, критерии дифференциальной диагностики. Излагаются современные подходы к лечению аритмий на догоспитальном и госпитальном этапах лечения с и...

Descrizione completa

Salvato in:
Dettagli Bibliografici
Autore principale: Шальнев В. И.
Natura: Книга
Lingua:Russian
Pubblicazione: Санкт-Петербург СЗГМУ им. И.И. Мечникова 2020
Accesso online:https://e.lanbook.com/book/242567
https://e.lanbook.com/img/cover/book/242567.jpg
Tags: Aggiungi Tag
Nessun Tag, puoi essere il primo ad aggiungerne! !
LEADER 01939nam0a2200265 i 4500
001 242567
003 RuSpLAN
005 20221220174158.0
008 221220s2020 ru gs 000 0 rus
020 |a 978-5-89588-220-7 
040 |a RuSpLAN 
041 0 |a rus 
044 |a ru 
080 |a 616.12-008.1.318 
084 |a 57.33  |2 rubbk 
245 0 0 |a Аритмии сердца  |b учебное пособие  |c Шальнев В. И. 
260 |a Санкт-Петербург  |b СЗГМУ им. И.И. Мечникова  |c 2020 
300 |a 56 с. 
504 |a Библиогр.: доступна в карточке книги, на сайте ЭБС Лань 
520 8 |a В пособии кратко освещаются основные формы нарушений сердечного ритма, встречающиеся в клинической практике. Приводятся их клинические проявления, ЭКГ-признаки, критерии дифференциальной диагностики. Излагаются современные подходы к лечению аритмий на догоспитальном и госпитальном этапах лечения с использованием антиаритмических средств и электроимпульсной терапии, методы профилактики нарушений сердечного ритма. Пособие предназначено для врачей скорой и неотложной помощи, терапевтов, врачей общей практики. 
521 8 |a Книга из коллекции СЗГМУ им. И.И. Мечникова - Медицина 
100 1 |a Шальнев В. И. 
856 4 |u https://e.lanbook.com/book/242567 
856 4 8 |u https://e.lanbook.com/img/cover/book/242567.jpg 
953 |a https://e.lanbook.com/img/cover/book/242567.jpg